Statistics for Google Apps Quiz

Click here to take the quiz!

General Stats

  • This quiz has been taken 44 times
  • The average score is 8 of 12

Answer Stats

Answer% Correct
Google Chrome
93%
Google Maps
93%
Google Drive
86%
Google Translate
79%
Google Calendar
72%
Google Mail
69%
Google Photos
69%
Google Classroom
62%
Google Play Music
52%
Google Contacts
48%
Google News
48%
Google Podcast
28%

Score Distribution

Percentile by Number Answered

Percent of People with Each Score

Your Score History

You have not taken this quiz